000 00424nam a2200181Ia 4500
001 5152
005 20260306145847.0
008 260306t2001||||xx |||||||||||||| ||spa||
041 _aESP
082 _a335.82
_bS22
100 _aMarcos-Sánchez, José
_eAUT
245 0 _aManual para la defensa de la libertad sindical
260 _c2001
300 _a
_c
650 _aGEN
654 _aCHU
942 _cLIB
_dJUS
_fJUS
_2ddc
_n
999 _c5152
_d5152